[Event "ROM-ch U10 Boys"]
[Site "Voineasa"]
[Date "2008.04.16"]
[Round "7"]
[White "Dolana, Andrei Theodor"]
[Black "Oprea, Cristian"]
[Result "1-0"]
[WhiteElo "722"]
[BlackElo "500"]
[PlyCount "111"]
[EventDate "2008.04.08"]
[EventType "swiss"]
[EventRounds "9"]
[EventCountry "ROU"]
[SourceTitle "EXT 2013"]
[Source "ChessBase"]
[SourceDate "2012.11.22"]
[SourceVersion "1"]
[SourceVersionDate "2012.11.22"]
[SourceQuality "1"]

1. e4 c5 2. Nf3 g6 3. d4 Bg7 4. c3 Qa5 5. Be3 Nf6 6. Nbd2 d6 7. Qc2 Nc6 8. dxc5 dxc5 9. Nc4 Qd8 10. Bxc5 b6 11. Bd4 0-0 12. Rd1 Qc7 13. Be2 Bb7 14. Bd3 Rad8 15. Ncd2 e5 16. Be3 Rd7 17. 0-0 Rfd8 18. Bb5 a6 19. Ba4 b5 20. Bb3 Na5 21. Bg5 Nxb3 22. Qxb3 Re8 23. Bxf6 Bxf6 24. Qc2 b4 25. Nb1 Red8 26. Rxd7 Rxd7 27. Rc1 Qd8 28. cxb4 Bg5 29. Nxg5 Qxg5 30. Re1 Rd4 31. a3 Bxe4 32. Qc8+ Kg7 33. g3 Qh5 34. Nc3 Bf3 35. Qxa6 Rd2 36. Rb1 Bh1 37. Qf1 Bf3 38. Qe1 Rc2 39. Nd1 f5 40. Qxe5+ Kh6 41. Qf4+ g5 42. Qxf5 Bxd1 43. Qf6+ Qg6 44. Qxg6+ Kxg6 45. Rxd1 Rxb2 46. Rd6+ Kh5 47. Rb6 Kg4 48. Kg2 Ra2 49. Ra6 Kf5 50. b5 Ke5 51. a4 Kd5 52. b6 Kc6 53. a5 Kb7 54. Ra7+ Kb8 55. Kf3 Ra4 56. Ke3 1-0